Benturan Barat Islam

Bibliographic Details
Other Authors: Abul Hasan Ali Nadawi (Editor), Althaf Gauhar (Editor), Fazlurrahman Anshari (Editor), Maryam Jamilah (Editor), Muhammad Asad (Editor)
Format: Book
Language:Indonesian
Published: Bandung : Mizan 1985
Subjects:

MARC

LEADER 00000cam a2200000 7i4500
001 0000004077
005 20240930.0
008 991208 io ind
020 |a 9676900516 
040 |a INS   |b eng   |e rda 
090 0 0 |a BP171.   |b B46 1985 
245 0 0 |a Benturan Barat Islam   |c Abul Hasan Ali Nadawi, Muhammad Asad, Maryam Jamilah, Fazlurrahman Anshari, Althaf Gauhar 
264 1 |a Bandung :   |b Mizan   |c 1985 
300 |a 214 pages ;   |c 18 cm. 
336 |a text  |2 rdacontent 
337 |a unmediated  |2 rdamedia 
338 |a volume  |2 rdacarrier 
650 0 |a Islam - 20th century 
650 0 |a Islam and philosophy 
700 0 |a Abul Hasan Ali Nadawi ,   |e editor 
700 0 |a Althaf Gauhar ,   |e editor 
700 0 |a Fazlurrahman Anshari ,   |e editor 
700 0 |a Maryam Jamilah ,   |e editor 
700 0 |a Muhammad Asad ,   |e editor 
999 |a 0000002641   |b BOOK   |c Open Shelf   |e Default branch